000 00948nam a2200265Ia 4500
003 OSt
005 20220923231014.0
006 a|||||r|||| 00| 0
007 ta
008 220922b |||||||| |||| 00| 0 pan d
020 _c150
024 _a353,539
037 _b1201, 06/03/2020, H.K. Prakashan
_cTextual
040 _aARTS
_cARTS
_bpan
041 _2pan
_apan
082 _aQ8441:21, 153Q9
100 _aਸਿੰਘ, ਅਮੋਲਕ, ਂਚ.
245 0 _aਗੁਰਬਾਣੀ ਸਿਰਲੇਖ-ਅੰਗ ਤੇ ਸੰਪਾਦਕੀ ਸੂਰਨਾਵਾਂ ਦਾ ਤਤਕਰਾ
260 _aਪਟਿਆਲਾ
_b ਗ੍ਰੈFਿਅਸ
_c2019
300 _a50ਪ੍ਰ0
_ccm.
650 _a ਸਿੱਖ ਧਰਮ
_9156314
650 _aਸ਼ਚਅਹ਼ਲਜ
942 _hQ8441:21, 153Q9
_cTEXL
_2CC
999 _c388728
_d388728